[Event "Mistrzostwa Polski Juniorow do lat 18 - Dziewczeta"]
[Site "Ustron – Jaszowiec"]
[Date "1899-12-30"]
[Round "2.9"]
[White "Posuniak, Weronika"]
[Black "Cieslak, Wiktoria"]
[Result "0-1"]
[WhiteTitle "I++"]
[BlackTitle "k++"]
[WhiteElo "1803"]
[BlackElo "1957"]

1. Nf3 Nf6 2. c4 e6 3. g3 d5 4. Bg2 Be7 5. O-O O-O 6. d3 c5 7. Bf4 Nc6 8. Ne5 Bd6
9. Nxc6 bxc6 10. Bxd6 Qxd6 11. Nd2 e5 12. Qa4 Be6 13. Rac1 Rfb8 14. b3 a5 15.
Rc2 Rb4 16. Qa3 Nd7 17. Rfc1 d4 18. Rb1 f5 19. Qc1 Rab8 20. Qf1 g5 21. Rcb2 Nf6
22. h3 R4b7 23. Kh2 h5 24. Qh1 Rh7 25. Nf3 Rg7 26. Nd2 Kh8 27. Kg1 h4 28. Kf1
hxg3 29. fxg3 Nh5 30. Ke1 Nxg3 31. Qh2 e4 32. dxe4 fxe4 33. Nf1 Nf5 34. Bxe4 Qxh2
35. Nxh2 Ne3 36. Ng4 Nxg4 37. hxg4 Bxg4 38. Bxc6 Bf5 39. Rc1 Rg6 40. Bd5 Kg7 41.
e4 Re8 42. Kd2 Rh6 43. Re1 Rh2+ 44. Kc1 Rxb2 45. Kxb2 Re5 46. Rh1 Be6 47. Bc6
g4 48. Kc2 g3 49. Rg1 Rg5 50. Kd2 Kf6 51. Ke2 Ke5 52. Kf3 Bg4+ 53. Kxg3 Bd7+ 0-1

[Event "Mistrzostwa Polski Juniorow do lat 18 - Dziewczeta"]
[Site "Ustron – Jaszowiec"]
[Date "1899-12-30"]
[Round "2.10"]
[White "Borkowska, Zuzanna"]
[Black "Jurkiewicz, Zuzanna"]
[Result "1/2-1/2"]
[WhiteTitle "I"]
[BlackTitle "I+"]
[WhiteElo "1547"]
[BlackElo "1603"]

1. e4 d6 2. d4 g6 3. Nc3 Bg7 4. Bg5 c5 5. dxc5 Qa5 6. Qd2 Qxc5 7. Be3 Qc7 8. Nf3
Nc6 9. Nd5 Qd8 10. c3 Nf6 11. Bd3 Be6 12. Nxf6+ Bxf6 13. Nd4 Bd7 14. O-O O-O 15.
f4 a6 16. f5 Ne5 17. Be2 Rc8 18. g4 Bg7 19. g5 f6 20. h4 Qe8 21. Rf2 b5 22. Raf1
Nc4 23. Bxc4+ bxc4 24. Bf4 gxf5 25. Nxf5 Bxf5 26. exf5 Qh5 27. Qd5+ Kh8 28. Qf3
Qxf3 29. Rxf3 fxg5 30. Bxg5 Bf6 31. Re3 Kg7 32. Re6 Rc7 33. Kg2 h6 34. Bxf6+ Rxf6
35. Kg3 Kf7 36. Re4 Rc5 37. Ref4 Ke8 38. Kg4 Kf7 39. Re1 Rb5 40. Re2 d5 41. Rd4
Rfb6 1/2-1/2

[Event "Mistrzostwa Polski Juniorow do lat 18 - Dziewczeta"]
[Site "Ustron – Jaszowiec"]
[Date "1899-12-30"]
[Round "2.11"]
[White "Ziziuk, Martyna"]
[Black "Pluta, Natalia"]
[Result "0-1"]
[WhiteTitle "I"]
[BlackTitle "I++"]
[WhiteElo "1529"]
[BlackElo "1811"]

1. e4 c5 2. Nf3 d6 3. d4 cxd4 4. Nxd4 Nf6 5. Nc3 g6 6. Bb5+ Bd7 7. Bxd7+ Qxd7 8.
O-O Bg7 9. f3 O-O 10. Rb1 Rc8 11. Be3 Nc6 12. Ncb5 Ne5 13. b3 a6 14. Na3 b5 15.
Rc1 d5 16. Ne2 dxe4 17. Qxd7 Nexd7 18. c4 exf3 19. gxf3 Ne5 20. cxb5 Nd5 21. Rxc8+
Rxc8 22. Bd4 axb5 23. f4 b4 24. fxe5 bxa3 25. Rc1 Rxc1+ 26. Nxc1 f6 27. Bc5 fxe5
28. Bxa3 Kf7 29. Ne2 Ke6 30. Kf2 e4 31. Bc5 Be5 32. h3 Bd6 33. Bd4 Nb4 34. a4
Kd5 35. Bc3 Nd3+ 36. Ke3 Nc5 37. Nc1 g5 38. Bb4 Bf4+ 0-1

[Event "Mistrzostwa Polski Juniorow do lat 18 - Dziewczeta"]
[Site "Ustron – Jaszowiec"]
[Date "1899-12-30"]
[Round "2.12"]
[White "Kozubal, Aleksandra"]
[Black "Daliga, Anita"]
[Result "1-0"]
[WhiteTitle "I++"]
[BlackTitle "I+"]
[WhiteElo "1747"]
[BlackElo "1543"]

1. d4 d5 2. c4 e6 3. Nc3 Nf6 4. Bf4 c6 5. c5 Nbd7 6. e3 Ne4 7. Nxe4 dxe4 8. Qb1
f5 9. f3 exf3 10. Nxf3 Be7 11. Bc4 Nf6 12. O-O Nd5 13. Re1 O-O 14. a3 Bf6 15.
Qd3 Kh8 16. Rad1 Re8 17. Bg3 b5 18. Ba2 Ne7 19. Bd6 Ng6 20. e4 fxe4 21. Qxe4 Bd7
22. Rd2 Be7 23. Bg3 Bf6 24. Rde2 e5 25. dxe5 Nf8 26. Qc2 Be7 27. Bf7 Ne6 28. Bxe8
Qxe8 29. b4 Rd8 30. Rd2 Bg5 31. Nxg5 Nxg5 32. Red1 Nf7 33. Qe4 Be6 34. Rxd8 Nxd8
35. Rd6 Bd5 36. Rxd5 cxd5 37. Qxd5 Nc6 38. h3 h6 39. Qd6 a6 40. e6 a5 41. bxa5
Nxa5 42. Qd7 Qxd7 43. exd7 Nc6 44. Bc7 1-0

[Event "Mistrzostwa Polski Juniorow do lat 18 - Dziewczeta"]
[Site "Ustron – Jaszowiec"]
[Date "1899-12-30"]
[Round "2.13"]
[White "Knapik, Julia"]
[Black "Kalinowska, Karolina"]
[Result "1/2-1/2"]
[WhiteTitle "I+"]
[BlackTitle "I"]
[WhiteElo "1658"]
[BlackElo "1525"]

1. e4 e6 2. d4 d5 3. Nd2 Nf6 4. e5 Nfd7 5. Bd3 c5 6. c3 Nc6 7. Ne2 cxd4 8. cxd4
f6 9. exf6 Qxf6 10. Nf3 h6 11. a3 Bd6 12. Be3 O-O 13. O-O Rd8 14. Bc2 Nf8 15.
Qd2 Bd7 16. Rfe1 Be8 17. Ng3 Bg6 18. Bxg6 Nxg6 19. Qe2 Re8 20. Qb5 Re7 21. Qd3
Nh4 22. Nd2 Rf8 23. f3 Bxg3 24. hxg3 Nf5 25. Bf4 Qxd4+ 26. Qxd4 Ncxd4 27. g4 Nc2
28. gxf5 Rxf5 29. Bg3 Nxa1 30. Rxa1 Re8 31. Re1 Rc8 32. Nb3 Kf7 33. Nd4 Rg5 34.
Bf4 Rg6 35. Re2 Rc4 36. Be5 a6 37. Nb3 b5 38. Kf2 h5 39. Na5 Rc8 40. Bf4 Rf6 41.
Bg5 Rf5 42. Nb7 Rc7 43. Nd6+ Kg6 44. Nxf5 Kxf5 45. Bd8 Rc4 46. Rd2 g5 47. Be7
g4 48. fxg4+ Kxg4 49. Bd6 h4 50. Be5 Kf5 51. Bh8 a5 52. Re2 d4 53. Re5+ Kf4 54.
Re2 d3 55. Rd2 Rc2 56. Bc3 e5 57. Rxc2 dxc2 58. Bd2+ Kg4 59. Bc1 a4 60. Bd2 Kf5
61. Kf3 e4+ 62. Kf2 Kg4 63. Bc1 Kf5 64. Ke3 Kg4 65. Kf2 Kf5 66. Be3 Kg4 67. Bd2
Kf5 68. Ke3 Kg4 69. Kf2 Kf5 70. Be3 1/2-1/2

[Event "Mistrzostwa Polski Juniorow do lat 18 - Dziewczeta"]
[Site "Ustron – Jaszowiec"]
[Date "1899-12-30"]
[Round "2.14"]
[White "Stochnialek, Dominika"]
[Black "Godek, Martyna"]
[Result "1-0"]
[WhiteTitle "I"]
[BlackTitle "I"]
[WhiteElo "1499"]
[BlackElo "1654"]

1. e4 e6 2. d4 d5 3. Nc3 Nf6 4. e5 Nfd7 5. f4 c5 6. Be3 Nc6 7. Nf3 Be7 8. g3 a6
9. Bg2 b5 10. dxc5 Bxc5 11. Nd4 Nxd4 12. Bxd4 Qb6 13. Ne2 Bb7 14. Qd2 Rc8 15.
c3 b4 16. Bxc5 bxc3 17. Bxb6 cxd2+ 18. Kxd2 Nxb6 19. b3 Kd7 20. Nd4 Rc5 21. Rhc1
Rhc8 22. f5 Ke7 23. fxe6 Rxc1 24. Rxc1 Rxc1 25. Kxc1 fxe6 26. Bh3 Bc8 27. Kd2
Bd7 28. Ke3 a5 29. Bf1 Kf7 30. Bd3 h6 31. Nf3 Nc8 32. Kd4 g5 33. g4 Ke7 34. Kc5
Na7 35. Nd4 a4 36. b4 Kd8 37. b5 Nc8 38. b6 Ne7 39. Bb5 Ng6 40. Kd6 Bc8 41. Nc6+
Ke8 42. Ne7+ Kd8 43. Nxg6 a3 44. Nh8 Bb7 45. Bd7 d4 46. Nf7# 1-0

[Event "Mistrzostwa Polski Juniorow do lat 18 - Dziewczeta"]
[Site "Ustron – Jaszowiec"]
[Date "1899-12-30"]
[Round "2.15"]
[White "Hampel, Anna"]
[Black "Jakubowska, Urszula"]
[Result "0-1"]
[WhiteTitle "I+"]
[BlackTitle "I"]
[WhiteElo "1630"]
[BlackElo "1412"]

1. e4 d5 2. exd5 Qxd5 3. Nc3 Qa5 4. d4 Nf6 5. Nf3 Bf5 6. Bc4 e6 7. Bd2 c6 8. Nd5
Qd8 9. Nxf6+ gxf6 10. Bb3 Be4 11. Qe2 Bg6 12. O-O-O Bg7 13. Bb4 Bf8 14. Bxf8 Kxf8
15. Qe3 Kg7 16. g4 Nd7 17. h4 h5 18. gxh5 Rxh5 19. Rdg1 Qh8 20. Kb1 Qh6 21. Qc3
Qf4 22. Rg3 Nb6 23. Rhg1 Rd8 24. Bxe6 Nd5 25. Qb3 Kf8 26. Bxd5 Rhxd5 27. a3 Rb5
28. Qc3 Ke7 29. Re1+ Kd7 30. a4 Rd5 31. Qb4 Kc8 32. Re7 R5d7 33. Rxd7 Rxd7 34.
Qc5 Qe4 35. h5 Rd5 36. Qc3 Rxh5 37. Rg1 Qe2 38. Qe3 Qxc2+ 39. Ka1 Qxa4+ 40. Qa3
Ra5 41. Ka2 Qc4+ 0-1

[Event "Mistrzostwa Polski Juniorow do lat 18 - Dziewczeta"]
[Site "Ustron – Jaszowiec"]
[Date "1899-12-30"]
[Round "2.16"]
[White "Wierzbowska, Aleksandra"]
[Black "Przepiora, Anna"]
[Result "0-1"]
[WhiteTitle "I"]
[BlackTitle "II+"]
[WhiteElo "1573"]
[BlackElo "1354"]

1. d4 d5 2. c4 e6 3. Nf3 Nf6 4. Nc3 Be7 5. Bf4 O-O 6. e3 c6 7. Bd3 a6 8. Qc2 dxc4
9. Bxc4 b5 10. Bd3 Nbd7 11. O-O c5 12. Ne4 c4 13. Be2 Bb7 14. Nxf6+ Nxf6 15. Ne5
Be4 16. Qd1 Nd5 17. Bf3 Bxf3 18. Qxf3 Rc8 19. Rac1 f6 20. Ng4 h5 21. Nh6+ gxh6
22. Bxh6 Rf7 23. Qxh5 Qe8 24. Qg4+ Kh7 25. Qxe6 Kxh6 26. Qxd5 Rg7 27. Qe4 Qh5
28. Qf4+ Kh7 29. Kh1 Rd8 30. Qf3 Qxf3 31. gxf3 Rdg8 32. Rg1 Rxg1+ 33. Rxg1 Rxg1+
34. Kxg1 Ba3 35. d5 Kg7 36. h4 Bxb2 37. d6 Kf7 38. Kf1 c3 39. Ke2 c2 0-1

[Event "Mistrzostwa Polski Juniorow do lat 18 - Dziewczeta"]
[Site "Ustron – Jaszowiec"]
[Date "1899-12-30"]
[Round "2.17"]
[White "Walkowiak, Bogumila"]
[Black "Tkaczyk, Weronika"]
[Result "0-1"]
[WhiteTitle "II+"]
[BlackTitle "I"]
[WhiteElo "1345"]
[BlackElo "1565"]

1. e4 e5 2. Nf3 Nc6 3. Bc4 Nf6 4. d3 h6 5. c3 d6 6. O-O g6 7. Re1 Bg7 8. h3 O-O
9. d4 Qe7 10. d5 Nb8 11. Nbd2 Nh5 12. Nf1 Nd7 13. Ng3 Nxg3 14. fxg3 f5 15. Nh4
Kh7 16. Bd3 f4 17. Qg4 Qf6 18. Rf1 Nc5 19. Qe2 Nxd3 20. Qxd3 g5 21. Nf3 Qg6 22.
gxf4 gxf4 23. Nh2 Bd7 24. Bd2 Rf7 25. Rf2 Bf6 26. Qf3 Rg8 27. Kh1 Rfg7 28. Re2
Bb5 29. Rg1 Bxe2 30. Qxe2 Qg3 31. Qf3 Qxf3 32. Nxf3 c6 33. c4 Bd8 34. Ne1 Bh4
35. Bb4 c5 36. Bc3 Bf2 37. Rf1 Bxe1 38. Rxe1 Rxg2 39. a3 f3 40. Rf1 f2 0-1

[Event "Mistrzostwa Polski Juniorow do lat 18 - Dziewczeta"]
[Site "Ustron – Jaszowiec"]
[Date "1899-12-30"]
[Round "3.1"]
[White "Dwilewicz, Katarzyna"]
[Black "Kiolbasa, Oliwia"]
[Result "0-1"]
[WhiteTitle "k"]
[BlackTitle "WIM"]
[WhiteElo "1933"]
[BlackElo "2204"]

1. e4 e5 2. Nf3 Nc6 3. Bb5 a6 4. Ba4 Nf6 5. d4 exd4 6. O-O Be7 7. Re1 b5 8. Bb3
d6 9. Bd5 Nxd5 10. exd5 Ne5 11. Nxd4 O-O 12. Nc3 Bg4 13. f3 Bd7 14. Bf4 Ng6 15.
Be3 Bg5 16. Bf2 Nf4 17. Nde2 Re8 18. Ne4 Nxe2+ 19. Rxe2 Bf4 20. Bg3 Bxg3 21. Nxg3
Qg5 22. Qd4 Rxe2 23. Nxe2 Re8 24. Ng3 h5 25. Rd1 h4 26. Ne4 Qg6 27. Kf2 Re5 28.
a3 Qf5 29. b3 Kh8 30. c4 bxc4 31. bxc4 Ba4 32. Rd2 Qf4 33. Kg1 Bd7 34. c5 Bb5
35. Rd1 f5 36. cxd6 cxd6 37. a4 fxe4 38. axb5 axb5 39. Re1 h3 40. fxe4 Rg5 0-1

[Event "Mistrzostwa Polski Juniorow do lat 18 - Dziewczeta"]
[Site "Ustron – Jaszowiec"]
[Date "1899-12-30"]
[Round "3.2"]
[White "Dmochowska, Agnieszka"]
[Black "Topolan, Agata"]
[Result "1-0"]
[WhiteTitle "WCM"]
[BlackTitle "k+"]
[WhiteElo "2133"]
[BlackElo "1934"]

1. e4 c6 2. c4 d5 3. cxd5 cxd5 4. exd5 Qxd5 5. d4 Nc6 6. Nf3 e6 7. Nc3 Bb4 8. Bd3
Bd7 9. O-O Qa5 10. Ne4 Qc7 11. Qe2 Nge7 12. a3 Bd6 13. Be3 h6 14. Rac1 f5 15.
Nxd6+ Qxd6 16. Rcd1 g5 17. Ne5 g4 18. Bb5 Nd5 19. Rfe1 h5 20. Bc4 Nce7 21. Bg5
Rg8 22. h4 Ng6 23. Nxd7 Ngf4 24. Bxf4 Nxf4 25. Nf6+ Kf7 26. Qe5 Qc6 27. Qxf4 1-0

[Event "Mistrzostwa Polski Juniorow do lat 18 - Dziewczeta"]
[Site "Ustron – Jaszowiec"]
[Date "1899-12-30"]
[Round "3.3"]
[White "Marczuk, Anna"]
[Black "Ciesinska, Weronika"]
[Result "1-0"]
[WhiteTitle "k"]
[BlackTitle "I"]
[WhiteElo "2001"]
[BlackElo "1676"]

1. e4 c5 2. Nf3 d6 3. d4 cxd4 4. Nxd4 Nf6 5. Nc3 g6 6. Be3 Bg7 7. f3 O-O 8. Qd2
Nc6 9. O-O-O d5 10. Nxc6 bxc6 11. Bh6 Be6 12. Bxg7 Kxg7 13. e5 Nd7 14. h4 h5 15.
g4 hxg4 16. h5 Nxe5 17. hxg6 Rh8 18. Bg2 Nxg6 19. Rxh8 Qxh8 20. Rh1 Qb8 21. Qh6+
Kf6 22. Ne2 Qe5 23. Qd2 gxf3 24. Rf1 Kg7 25. Bxf3 Rh8 26. Nd4 Bd7 27. Qd1 Rh4
28. c3 Rh2 29. Kb1 c5 30. Nb3 Bh3 31. Re1 Qf5+ 32. Ka1 c4 33. Nd4 Qd7 34. Ne2
Bg4 35. Qd4+ e5 36. Qxg4 Qb5 37. Rh1 Rxh1+ 38. Bxh1 Qc5 39. Qf3 d4 40. cxd4 exd4
41. Qf2 Qh5 42. Qxd4+ Kh7 43. Qd1 Qf5 44. Nc3 a5 45. Bd5 Ne5 46. Be4 1-0

[Event "Mistrzostwa Polski Juniorow do lat 18 - Dziewczeta"]
[Site "Ustron – Jaszowiec"]
[Date "1899-12-30"]
[Round "3.4"]
[White "Kubicka, Anna"]
[Black "Antolak, Julia"]
[Result "0-1"]
[WhiteTitle "m"]
[BlackTitle "WFM"]
[WhiteElo "2211"]
[BlackElo "2102"]

1. e4 c5 2. Nf3 Nc6 3. d4 cxd4 4. Nxd4 Qb6 5. Nb3 Nf6 6. Nc3 e6 7. Qe2 Bb4 8. Bd2
O-O 9. a3 Be7 10. e5 Nd5 11. Nxd5 exd5 12. O-O-O d6 13. exd6 Bxd6 14. Bc3 Be6
15. Nd4 Rfe8 16. Qh5 Be5 17. Qh4 Bf6 18. Qf4 Rac8 19. Qd2 Nxd4 20. Bxd4 Bxd4 21.
Qxd4 Bf5 22. c3 Qb3 23. Bd3 Re2 24. Rd2 Rxd2 25. Kxd2 Qxb2+ 26. Ke3 Qxc3 27. Qxc3
Rxc3 28. Rd1 Rxa3 0-1

[Event "Mistrzostwa Polski Juniorow do lat 18 - Dziewczeta"]
[Site "Ustron – Jaszowiec"]
[Date "1899-12-30"]
[Round "3.5"]
[White "Cieslak, Wiktoria"]
[Black "Karykowska, Anna"]
[Result "1/2-1/2"]
[WhiteTitle "k++"]
[BlackTitle "I++"]
[WhiteElo "1957"]
[BlackElo "1830"]

1. e4 c5 2. Nf3 a6 3. c4 Nc6 4. d4 cxd4 5. Nxd4 e5 6. Nc2 Nf6 7. Nc3 Bc5 8. Be3
Bxe3 9. Nxe3 d6 10. Be2 O-O 11. O-O Be6 12. Rc1 Rc8 13. Qd2 Nd4 14. Kh1 Qa5 15.
Bd3 b5 16. b3 Nh5 17. g3 Bh3 18. Rfd1 bxc4 19. Bxc4 Nf6 20. Qd3 Ra8 21. Nc2 Bg4
22. Re1 Nxc2 23. Rxc2 Rfd8 24. f3 Be6 25. Rd1 h6 26. Nd5 Nxd5 27. Bxd5 Rab8 28.
Qe2 Bxd5 29. Rxd5 Rb5 30. Rcd2 Rxd5 31. Rxd5 Qc3 32. Kg2 a5 33. Qd1 Qb4 34. Rxe5
Qa3 35. Qd2 Ra8 36. Rd5 a4 37. b4 Rb8 38. Rxd6 Qxb4 39. Kh3 Qb1 40. Rd8+ Rxd8
41. Qxd8+ Kh7 42. Qd5 f6 43. Kg4 Qb2 44. h4 a3 45. Kh3 Qe2 46. Qb3 Qb2 47. Qc4
Qb1 48. Kg4 Qd1 49. Qd5 Qe2 50. e5 fxe5 51. Qe4+ Qxe4+ 52. fxe4 Kg6 53. Kh3 Kf6
54. Kg2 g5 55. Kf3 gxh4 56. gxh4 Kg6 57. Kg4 Kf6 58. Kh5 Kg7 59. Kg4 1/2-1/2

[Event "Mistrzostwa Polski Juniorow do lat 18 - Dziewczeta"]
[Site "Ustron – Jaszowiec"]
[Date "1899-12-30"]
[Round "3.6"]
[White "Pedrak, Paulina"]
[Black "Parol, Pola"]
[Result "0-1"]
[WhiteTitle "I"]
[BlackTitle "k+"]
[WhiteElo "1466"]
[BlackElo "1960"]

1. e4 c5 2. Nf3 Nc6 3. d4 cxd4 4. Nxd4 g6 5. c4 Nf6 6. Nc3 d6 7. Be2 Nxd4 8. Qxd4
Bg7 9. Qd1 O-O 10. O-O Be6 11. Qc2 Rc8 12. Be3 Bxc4 13. Bxc4 Rxc4 14. Qb3 Qc8
15. f3 a6 16. Rac1 Rc6 17. Ne2 Nd7 18. Nf4 Nc5 19. Qa3 e6 20. Rfd1 b5 21. Ne2
Qb7 22. Rxd6 Rxd6 23. Bxc5 Rc6 24. Bxf8 Rxc1+ 25. Nxc1 Bxf8 26. Qc3 Qb6+ 27. Kf1
Qd6 28. e5 Qd1+ 29. Qe1 Qd4 30. Qc3 Qd1+ 31. Qe1 Qd5 32. a3 Bc5 33. b4 Bd4 34.
f4 Bb2 35. Ne2 Qd3 36. Kg1 Bxa3 37. h3 Qe4 38. Qh4 Bxb4 39. Qd8+ Bf8 40. Qd2 b4
41. Ng3 Bc5+ 42. Kh2 Qd4 0-1

[Event "Mistrzostwa Polski Juniorow do lat 18 - Dziewczeta"]
[Site "Ustron – Jaszowiec"]
[Date "1899-12-30"]
[Round "3.7"]
[White "Pluta, Natalia"]
[Black "Borkowska, Zuzanna"]
[Result "1-0"]
[WhiteTitle "I++"]
[BlackTitle "I"]
[WhiteElo "1811"]
[BlackElo "1547"]

1. c4 e6 2. d4 d5 3. Nc3 c5 4. cxd5 exd5 5. Nf3 Nc6 6. e3 Nf6 7. Be2 Be7 8. dxc5
Bxc5 9. O-O O-O 10. b3 a6 11. Bb2 Bf5 12. Rc1 Ba7 13. Na4 Ne4 14. Ba3 Re8 15.
Nc5 Nxc5 16. Bxc5 Bxc5 17. Rxc5 Be6 18. Nd4 Qd6 19. Nxe6 fxe6 20. Qc1 Rac8 21.
Rd1 Ne7 22. Rxc8 Rxc8 23. Qb2 Qc6 24. Bg4 Ng6 25. Qd4 Rd8 26. Bf3 Kf8 27. Qb4+
Kf7 28. e4 Ne5 29. Bh5+ g6 30. Be2 b5 31. Qd2 Ke8 32. Qg5 Nf7 33. Qh4 dxe4 34.
Rxd8+ Nxd8 35. Qxh7 Qc1+ 36. Bf1 Qg5 37. Qa7 Nc6 38. Qa8+ Kd7 39. Qb7+ Kd6 40.
Qxa6 b4 41. h3 e3 42. Qd3+ 1-0

[Event "Mistrzostwa Polski Juniorow do lat 18 - Dziewczeta"]
[Site "Ustron – Jaszowiec"]
[Date "1899-12-30"]
[Round "3.8"]
[White "Stebel, Agata"]
[Black "Trybowska, Barbara"]
[Result "1-0"]
[WhiteTitle "k"]
[BlackTitle "I"]
[WhiteElo "1795"]
[BlackElo "1517"]

1. d4 d5 2. c4 c6 3. Nc3 Nf6 4. Nf3 e6 5. cxd5 cxd5 6. Bg5 Be7 7. e3 O-O 8. Bd3
Nbd7 9. Rc1 a6 10. O-O b5 11. Ne5 Bb7 12. f4 Ne4 13. Bxe7 Qxe7 14. Nxe4 dxe4 15.
Rc7 Bc8 16. Bxe4 Rb8 17. Qc2 Qd6 18. Bxh7+ Kh8 19. Rf3 Nxe5 20. fxe5 Qb4 21. Qb1
Rb7 22. Rh3 g6 23. Bxg6+ 1-0

[Event "Mistrzostwa Polski Juniorow do lat 18 - Dziewczeta"]
[Site "Ustron – Jaszowiec"]
[Date "1899-12-30"]
[Round "3.9"]
[White "Tkaczyk, Weronika"]
[Black "Kozubal, Aleksandra"]
[Result "0-1"]
[WhiteTitle "I"]
[BlackTitle "I++"]
[WhiteElo "1565"]
[BlackElo "1747"]

1. Nf3 d5 2. g3 Nf6 3. Bg2 c5 4. d4 cxd4 5. Nxd4 e5 6. Nb3 h6 7. N1d2 Nc6 8. O-O
Be6 9. e4 d4 10. Re1 Qc7 11. Nf1 Bd6 12. c3 dxc3 13. bxc3 Rd8 14. Bb2 Ng4 15.
Qc1 Qb6 16. Qc2 Bxb3 17. axb3 Bc5 18. Re2 Bxf2+ 19. Rxf2 Nxf2 20. Qxf2 Qxb3 21.
Ne3 O-O 22. Bf1 Qe6 23. Bc4 Qg6 24. Nf5 Rd7 25. Ba3 Rfd8 26. Bd5 Kh8 27. Rf1 f6
28. Qf3 a6 29. Nh4 Qe8 30. Qg4 Rxd5 31. exd5 Rxd5 32. Ng6+ Kg8 33. Qc4 Qf7 34.
Ne7+ Nxe7 35. Bxe7 Rb5 36. Qc8+ Kh7 37. c4 Rb2 38. Qf5+ Kh8 39. Qxe5 Rc2 40. c5
Qc4 41. Qf5 Qe2 42. Rf2 Rc1+ 43. Rf1 Rxf1+ 44. Qxf1 Qxe7 45. Qc4 a5 46. Qb5 a4
47. Qxa4 Qxc5+ 48. Kf1 Qf5+ 49. Kg2 b5 50. Qb4 Qd5+ 51. Kh3 Qc4 52. Qf8+ Kh7 53.
g4 Qd3+ 54. Kg2 Qe4+ 55. Kg3 b4 56. h4 b3 57. Qa3 Qe3+ 58. Kg2 Qe2+ 59. Kg3 b2
60. g5 b1=Q 0-1

[Event "Mistrzostwa Polski Juniorow do lat 18 - Dziewczeta"]
[Site "Ustron – Jaszowiec"]
[Date "1899-12-30"]
[Round "3.10"]
[White "Przepiora, Anna"]
[Black "Murawko, Julia"]
[Result "0-1"]
[WhiteTitle "II+"]
[BlackTitle "I++"]
[WhiteElo "1354"]
[BlackElo "1733"]

1. e4 c5 2. Nf3 e6 3. d4 cxd4 4. Nxd4 a6 5. Bd3 Qc7 6. O-O Nf6 7. Qe2 d6 8. Kh1
Be7 9. f4 Nbd7 10. Bd2 b6 11. Nc3 Bb7 12. Rae1 Nc5 13. b4 Nxd3 14. cxd3 O-O 15.
Rc1 Qd7 16. g4 Rfd8 17. g5 Ne8 18. Qh5 g6 19. Qh4 f5 20. Rf3 Rac8 21. Rh3 h5 22.
Kg1 Bf8 23. exf5 exf5 24. Re3 Nc7 25. Rce1 Re8 26. Rxe8 Rxe8 27. Rxe8 Qxe8 28.
Qe1 Qd7 29. Qe3 Bg7 30. Kf2 Kf7 31. a3 Nd5 32. Nxd5 Bxd5 33. Ke2 Qa4 34. Bc1 a5
35. Nxf5 gxf5 36. Qxb6 axb4 37. Qc7+ Kg8 38. Qxd6 Qc6 39. Qxc6 Bxc6 40. axb4 Bc3
41. Bd2 Bg7 42. Ke3 Kf7 43. Be1 Ke6 44. Bd2 Kd5 45. Ke2 Kd4 46. Be3+ Kc3 47. Bd2+
Kb3 48. Ke3 Bb5 49. Be1 Kc2 50. d4 Kb3 51. Bf2 Kxb4 52. Kf3 Kc4 53. Kg3 Kd5 54.
Kh4 Be2 55. h3 Ke4 56. Kg3 Bc4 57. d5 Bxd5 58. Bc5 Bc3 59. Kh4 Bf7 60. g6 Bxg6
61. Kg5 Be8 62. Bd6 Ba5 63. Kh4 Be1+ 64. Kg5 h4 65. Bc7 Bd7 66. Kh5 Kf3 67. Bd8
Kxf4 68. Bg5+ Kf3 0-1

[Event "Mistrzostwa Polski Juniorow do lat 18 - Dziewczeta"]
[Site "Ustron – Jaszowiec"]
[Date "1899-12-30"]
[Round "3.11"]
[White "Jakubowska, Urszula"]
[Black "Wojcik, Jagoda"]
[Result "0-1"]
[WhiteTitle "I"]
[BlackTitle "I+"]
[WhiteElo "1412"]
[BlackElo "1719"]

1. Nf3 Nf6 2. c4 Nc6 3. d4 d5 4. e3 Bg4 5. Be2 e6 6. b3 Bb4+ 7. Bd2 a5 8. a3 Bxd2+
9. Nfxd2 Bxe2 10. Qxe2 O-O 11. O-O Re8 12. f4 Ne7 13. Nc3 Rc8 14. c5 b6 15. b4
c6 16. h3 Nd7 17. g4 f6 18. Nf3 Ng6 19. Qf2 e5 20. f5 Nh8 21. Rae1 axb4 22. axb4
bxc5 23. bxc5 Qa5 24. Qc2 Rb8 25. Ra1 Qc7 26. Rab1 Rxb1 27. Nxb1 e4 28. Qh2 Qb7
29. Nfd2 Nf7 30. h4 Qa6 31. Rc1 Rb8 32. Re1 Rb7 33. Qg2 Nh6 34. g5 Nxf5 35. gxf6
Nxf6 36. Qg5 Nh6 37. Rf1 Rf7 38. Qe5 Qc8 39. Rf4 Nfg4 40. Rxf7 0-1

[Event "Mistrzostwa Polski Juniorow do lat 18 - Dziewczeta"]
[Site "Ustron – Jaszowiec"]
[Date "1899-12-30"]
[Round "3.12"]
[White "Jurkiewicz, Zuzanna"]
[Black "Stochnialek, Dominika"]
[Result "1-0"]
[WhiteTitle "I+"]
[BlackTitle "I"]
[WhiteElo "1603"]
[BlackElo "1499"]

1. e4 c5 2. Nf3 d6 3. d4 cxd4 4. Nxd4 Nf6 5. Nc3 g6 6. Be3 Bg7 7. f3 O-O 8. Qd2
Nc6 9. Bc4 Bd7 10. O-O-O Rb8 11. Bb3 a6 12. Kb1 b5 13. h4 Ne5 14. Bh6 Nc4 15.
Qg5 Ne8 16. Bxg7 Kxg7 17. h5 h6 18. Qg3 g5 19. f4 f6 20. e5 fxe5 21. fxg5 exd4
22. gxh6+ Kh8 23. Rxd4 Qb6 24. Rd5 Qf2 25. Qg5 Ne3 26. Nd1 Nxd1 27. Rhxd1 Qf6
28. Qe3 Nc7 29. Rg5 Be8 30. g4 e5 31. Rg7 Ne6 32. Bxe6 Qxe6 33. Qa7 Bf7 34. b3
Ra8 35. Qb7 Bg8 36. Rh7+ 1-0

[Event "Mistrzostwa Polski Juniorow do lat 18 - Dziewczeta"]
[Site "Ustron – Jaszowiec"]
[Date "1899-12-30"]
[Round "3.13"]
[White "Kalinowska, Karolina"]
[Black "Posuniak, Weronika"]
[Result "1/2-1/2"]
[WhiteTitle "I"]
[BlackTitle "I++"]
[WhiteElo "1525"]
[BlackElo "1803"]

1. e4 d5 2. exd5 Nf6 3. d4 Nxd5 4. Nf3 g6 5. Nc3 Bg7 6. Bc4 c6 7. O-O O-O 8. Re1
Bg4 9. Bg5 Re8 10. h3 Be6 11. Bb3 Nd7 12. Re2 N7f6 13. Qe1 Nxc3 14. Rxe6 Ncd5
15. Re2 e6 16. c3 Qd6 17. Ne5 Nh5 18. Qd2 b5 19. Bh6 Rad8 20. Rae1 c5 21. Bxg7
Kxg7 22. Re4 c4 23. Bc2 a5 24. Rh4 Qe7 25. Rxh5 gxh5 26. Nc6 Qf6 27. Nxd8 Rxd8
28. Re5 Nf4 29. Qe3 Rg8 30. Qe4 Kf8 31. Qa8+ Kg7 32. Qe4 Kf8 33. Qa8+ Kg7 34.
Qe4 Kf8 35. Qa8+ Kg7 1/2-1/2

[Event "Mistrzostwa Polski Juniorow do lat 18 - Dziewczeta"]
[Site "Ustron – Jaszowiec"]
[Date "1899-12-30"]
[Round "3.14"]
[White "Winter, Anna"]
[Black "Knapik, Julia"]
[Result "1/2-1/2"]
[WhiteTitle "I+"]
[BlackTitle "I+"]
[WhiteElo "1503"]
[BlackElo "1658"]

1. d4 d5 2. Nf3 Nf6 3. c4 c6 4. Nc3 Nbd7 5. e3 e6 6. Qc2 Be7 7. Bd2 O-O 8. Rg1
dxc4 9. Bxc4 b5 10. Bd3 Bd6 11. Ne4 Qc7 12. Nxd6 Qxd6 13. g4 g6 14. h4 Bb7 15.
h5 Kg7 16. b4 Rae8 17. Bc3 Nd5 18. a3 Nxc3 19. Qxc3 e5 20. dxe5 Nxe5 21. Nxe5
Qxe5 22. Qxe5+ Rxe5 23. Rc1 a5 24. Kd2 Ra8 25. hxg6 hxg6 26. Ra1 Rd5 27. Kc3 a4
28. Rad1 Rad8 29. Be2 Kf6 30. Rxd5 Rxd5 31. Bf3 Rd6 32. Rd1 Ke5 33. Rxd6 Kxd6
34. Kd4 Bc8 35. Be2 g5 36. Bf3 Be6 37. Be2 Bc8 38. Bf3 Be6 39. Be2 Bc8 40. Bf3
Be6 41. Be2 1/2-1/2

[Event "Mistrzostwa Polski Juniorow do lat 18 - Dziewczeta"]
[Site "Ustron – Jaszowiec"]
[Date "1899-12-30"]
[Round "3.15"]
[White "Godek, Martyna"]
[Black "Ziziuk, Martyna"]
[Result "1-0"]
[WhiteTitle "I"]
[BlackTitle "I"]
[WhiteElo "1654"]
[BlackElo "1529"]

1. e4 c5 2. Nc3 d6 3. d3 Nf6 4. Nf3 Bg4 5. Be2 g6 6. h3 Bd7 7. Be3 Bg7 8. Qd2 Nc6
9. a3 a6 10. Bh6 O-O 11. Bxg7 Kxg7 12. Nh2 h6 13. Bg4 Nd4 14. Bxd7 Qxd7 15. Ne2
Nxe2 16. Kxe2 Qb5 17. c4 Qd7 18. Raf1 b5 19. b3 bxc4 20. bxc4 Qa4 21. Qc3 Rab8
22. Rb1 e5 23. g4 Nh7 24. f4 f6 25. f5 Ng5 26. h4 Nh3 27. Nf3 Nf4+ 28. Kd2 g5
29. Rb2 Rxb2+ 30. Qxb2 Rf7 31. Ke3 d5 32. cxd5 Qb5 33. Qc3 Rd7 34. hxg5 hxg5 35.
Nxg5 Rxd5 36. Ne6+ Kg8 37. Nxf4 exf4+ 38. Kxf4 Qxd3 39. Rh8+ Kg7 40. Qxd3 Rxd3
41. Rc8 Rxa3 42. Rxc5 a5 43. g5 fxg5+ 44. Kxg5 a4 45. Rc7+ Kf8 46. Kf6 Ke8 47.
Ra7 Ra1 48. e5 1-0

[Event "Mistrzostwa Polski Juniorow do lat 18 - Dziewczeta"]
[Site "Ustron – Jaszowiec"]
[Date "1899-12-30"]
[Round "3.16"]
[White "Daliga, Anita"]
[Black "Hampel, Anna"]
[Result "1-0"]
[WhiteTitle "I+"]
[BlackTitle "I+"]
[WhiteElo "1543"]
[BlackElo "1630"]

1. e4 c5 2. Nc3 e6 3. g3 Nc6 4. Bg2 g6 5. d3 Bg7 6. Nge2 Nge7 7. O-O O-O 8. Be3
d6 9. Qd2 Nd4 10. f4 f5 11. Bf2 a6 12. Nxd4 cxd4 13. Ne2 e5 14. Qb4 Kh8 15. Kh1
Rb8 16. Rae1 Be6 17. exf5 Bxf5 18. fxe5 dxe5 19. Nxd4 Nc6 20. Nxc6 bxc6 21. Qa3
e4 22. dxe4 Bxb2 23. Qd3 Be6 24. Rb1 Bxa2 25. Rxb2 Rxb2 26. Bd4+ Kg8 27. Rxf8+
Qxf8 28. Bxb2 Qb4 29. Qc3 Qxc3 30. Bxc3 Bb1 31. e5 Bxc2 32. Bxc6 Bb3 33. Kg2 Kf7
34. Kf2 Ke6 35. Ke3 Bc4 36. Kf4 h6 37. h4 Ke7 38. Be4 Kf7 39. Ke3 g5 40. hxg5
hxg5 41. Kd4 Be2 42. Bd2 g4 43. Bg5 Bf3 44. Ke3 Bd1 45. Kf4 Bb3 1-0